Riconosci il Pokémon - Quiz n°995 - Statistics

Statistiche generali
  • Questo quiz è stato fatto 1 volte
  • Il punteggio medio è 6 su 10
Statistiche sulle risposte
Indizio Risposta % Corretto
Tasso di cattura 30 (8.8%)
100%
Abilità Carica Quark
100%
Tipo Fuoco / Vleno
100%
Generazione Nona
100%
Stadio evoluzione Non si evolve
100%
Sesso Sconosciuto
100%
Altezza 1,2 m
0%
Peso 36,0 kg
0%
Pokémon Falenaferrea
0%
Tasso di allevamento Lento
0%
Nessun quiz corrispondente trovato
Distribuzione punteggi
Percentuale di utenti per punteggio
Percentile per numero di risposta
I tuoi punteggi nel tempo
Non hai fatto questo quiz